000 01150nam a2200277 a 4500
700 _aБаева, Надя Димитрова
_9383768
999 _c445019
_d445019
003 BLK
005 20240927095325.0
008 180410b bul|||||r ||||||| ||bul||
020 _a9786190209249
040 _aBLK
041 _aBUL
_cBUL
080 _aАмериканска литература (на САЩ)
_b821.111(73)
_z821.111(73)-94
100 1 _aСтоун, Оливър
_eпърви автор
_9381105
139 _aСтоун, Оливър
_bС 82
245 1 0 _aВ преследване на светлината
_b[Автобиогр.]
_cОливър Стоун ; прев. от англ. Надя Баева.
257 _aUSA
260 _aСофия
_bКолибри
_c2021
_fСофия : Инвестпрес
_9209486
_n978-619-02- ; 978-619-150- ; 978-954-150- ; 978-954-529-
300 _a486 с.
_c21 см
380 _aX
490 _9201901
_aБиблиотека Амаркорд
500 _aОриг. загл. Chasing the light / Oliver Stone.
659 _aН
942 _cKNG
_n0
_s1
_09
944 _aCR
_c2022-02-16
_k30530
_lМинев Младен